Sitcom Women - Statistics

General Stats
  • This quiz has been taken 34 times
  • The average score is 10 of 20
Answer Stats
Names Sitcom % Correct
Phoebe, Rachel, Monica Friends
97%
Marge, Lisa, Maggie The Simpsons
91%
Carrie, Samantha, Miranda Sex and The City
84%
Penny, Bernadette, Amy The Big Bang Theory
84%
Pam, Erin, Jan The Office
81%
Gloria, Claire, Haley Modern Family
78%
Robin, Lily, Stella How I Met Your Mother
75%
DJ, Stephanie, Becky Full House
66%
Diane, Carla, Rebecca Cheers
59%
Leslie, April, Anne Parks and Recreation
53%
Eleanor, Tahani, Janet The Good Place
50%
Amy, Dina, Cheyenne Superstore
38%
Max, Caroline, Sophie 2 Broke Girls
34%
Selina, Amy, Catherine Veep
25%
Erin, Michelle, Orla Derry Girls
22%
Janine, Melissa, Barbra Abbott Elementary
16%
Miranda, Stevie, Tilly Miranda
13%
Julia, Liz, Amanda Motherland
9%
Allison, Kitty, Mary Ghosts
6%
Kate, Anne, Franky Workin' Moms
0%
No matching quizzes found
Score Distribution
Percent of People with Each Score
Percentile by Number Answered
Your Score History
You have not taken this quiz